[Event "Challenge"]
[Site "http://www.queenalice.com/game.php?id=1770147"]
[Date "2021.9.17"]
[Round "-"]
[White "jpribeiro"]
[Black "Donyelko"]
[Result "1-0"]
[WhiteElo "2160"]
[BlackElo "1804"]

1. e4 e5 2. Nf3 Nc6 3. d4 exd4 4. Bc4 h6 5. O-O Na5 6. c3 Nxc4 7. Qxd4 Nd6 8. e5
Nf5 9. Qe4 Nfe7 10. Na3 Ng6 11. Nc4 Bc5 12. Qd5 Be7 13. Nd4 Nf8 14. Re1 c6 15.
Qe4 Ne6 16. Be3 b5 17. Nxe6 dxe6 18. Rad1 Qc7 19. Nd6+ Bxd6 20. Rxd6 Bb7 21.
Red1 c5 22. Qh4 Bd5 23. b3 Ne7 24. c4 Nf5 25. Qg4 Nxd6 26. exd6 Qxd6 27. cxd5
O-O-O 28. Bf4 f5 29. Bxd6 fxg4 30. Bxc5 Rxd5 31. Rxd5 exd5 32. Bxa7 Kb7 33. Bd4
Rc8 34. g3 g6 35. Kf1 Rc1+ 36. Kg2 Rc2 37. a4 bxa4 38. bxa4 Rc4 39. Be3 h5 40.
a5 1-0

[Event "Challenge"]
[Site "http://www.queenalice.com/game.php?id=1770465"]
[Date "2021.9.21"]
[Round "-"]
[White "jpribeiro"]
[Black "Donyelko"]
[Result "1-0"]
[WhiteElo "2077"]
[BlackElo "1824"]

1. e4 c5 2. Nf3 Nc6 3. d4 cxd4 4. Nxd4 Nf6 5. Nc3 g6 6. Be3 Nxd4 7. Bxd4 Bg7 8.
e5 Nh5 9. Bc4 e6 10. O-O Qc7 11. g4 Nf4 12. h4 Bxe5 13. Bb3 Bxd4 14. Qxd4 Qxc3
15. Qxf4 Qxb2 16. Rab1 Qg7 17. Qd6 Qf6 18. g5 Qe7 19. Qxe7+ Kxe7 20. Rbd1 b5 21.
a4 bxa4 22. Bxa4 d6 23. Bc6 Rb8 24. Rb1 Bd7 25. Rxb8 Rxb8 26. Bxd7 Kxd7 27. Rd1
a5 28. Kf1 Rb4 29. Ra1 a4 30. Ke2 Rxh4 31. Ke3 e5 32. Kd3 Ke6 33. c4 a3 34. Ke2
Rxc4 35. Rxa3 Rg4 36. Rh3 Rxg5 37. Rxh7 Kf6 38. Rh4 d5 39. f4 exf4 40. Rxf4+ Rf5
41. Rd4 Ke5 42. Ra4 1-0

[Event "Challenge"]
[Site "http://www.queenalice.com/game.php?id=1770466"]
[Date "2021.9.21"]
[Round "-"]
[White "Donyelko"]
[Black "jpribeiro"]
[Result "1/2-1/2"]
[WhiteElo "1980"]
[BlackElo "1887"]

1. d4 Nf6 2. c4 g6 3. b3 Bg7 4. Bb2 d6 5. Nf3 O-O 6. Nbd2 Bf5 7. Nh4 Bd7 8. g3
Bc6 9. d5 Bd7 10. Bg2 c6 11. dxc6 Bxc6 12. Bxc6 Nxc6 13. O-O Qd7 14. Re1 Ne8 15.
Bxg7 Nxg7 16. e4 e5 17. Ndf3 Ne6 18. Ng2 Ned4 19. Nxd4 Nxd4 20. Ne3 f5 21. exf5
gxf5 22. Nc2 Nxc2 23. Qxc2 Rae8 24. Rad1 Qc6 25. a4 b6 26. Rd5 Rf6 27. b4 Rc8
28. Rc1 a6 29. b5 axb5 30. axb5 Qb7 31. Rcd1 Qc7 32. Rc1 Kf7 33. Qb3 Qb7 1/2-1/2

[Event "Challenge"]
[Site "http://www.queenalice.com/game.php?id=1770749"]
[Date "2021.9.25"]
[Round "-"]
[White "jpribeiro"]
[Black "Donyelko"]
[Result "1-0"]
[WhiteElo "1837"]
[BlackElo "2016"]

1. e4 g6 2. d4 Bg7 3. f4 d5 4. e5 f6 5. Nf3 fxe5 6. dxe5 e6 7. Bb5+ Bd7 8. Bxd7+
Nxd7 9. O-O Qe7 10. Be3 b6 11. Nd4 Nb8 12. a4 c5 13. Nf3 d4 14. Bd2 Nh6 15. c3
Nc6 16. cxd4 cxd4 17. Bc1 Nf5 18. g4 Nh6 19. h3 Rd8 20. Nbd2 O-O 21. Nc4 Nf7 22.
Nfd2 Qc5 23. b3 b5 24. Nb2 d3+ 25. Kg2 bxa4 26. Rxa4 Rd4 27. Rxd4 Qxd4 28. Qf3
Nb4 29. Re1 Rd8 30. Re4 Qc3 31. Rc4 Nxe5 32. fxe5 Qxe5 33. Rxb4 Qe1 34. Nxd3 Qh4
35. Qe4 Qe7 36. Rb7 Qd6 37. Nf4 e5 38. Qc4+ Kh8 39. Ne6 Rg8 40. Ne4 1-0

[Event "Challenge"]
[Site "http://www.queenalice.com/game.php?id=1770750"]
[Date "2021.9.25"]
[Round "-"]
[White "Donyelko"]
[Black "jpribeiro"]
[Result "0-1"]
[WhiteElo "1831"]
[BlackElo "2050"]

1. d4 Nf6 2. c4 g6 3. b4 d5 4. cxd5 Nxd5 5. a3 Bg7 6. e3 O-O 7. Bb2 Re8 8. Bc4
Nb6 9. Qb3 Nxc4 10. Qxc4 Be6 11. Qc2 c6 12. Nf3 Bd5 13. Nbd2 f5 14. O-O Nd7 15.
e4 fxe4 16. Nxe4 Nf6 17. Ned2 Rc8 18. Ne5 Nd7 19. f4 Nxe5 20. dxe5 Qd7 21. Rad1
Qf5 22. Qxf5 gxf5 23. Nf3 Bxf3 24. Rxf3 Rcd8 25. Rfd3 Rxd3 26. Rxd3 Kf7 27. Rd7
Rb8 28. g3 Ke8 29. Rd3 Rd8 30. Rxd8+ Kxd8 31. Kf2 Kd7 32. e6+ Kxe6 33. Bxg7 Kd5
34. Bf8 e5 35. fxe5 Kxe5 36. Ke3 h5 37. Bg7+ Ke6 38. Kf4 Kf7 0-1

[Event "Old age shall prevail"]
[Site "http://www.queenalice.com/game.php?id=1771588"]
[Date "2021.10.6"]
[Round "-"]
[White "Donyelko"]
[Black "Mikalus"]
[Result "1-0"]
[WhiteElo "2031"]
[BlackElo "1982"]

1. e4 c5 2. Nc3 Nc6 3. Bc4 e6 4. Nf3 a6 5. a4 Na5 6. Ba2 d6 7. d3 Nf6 8. O-O Be7
9. Re1 Ng4 10. Ne2 Ne5 11. Nxe5 dxe5 12. Be3 O-O 13. c3 Bg5 14. Bxc5 Bd7 15.
Bxf8 Qxf8 16. b4 Nc6 17. d4 exd4 18. Nxd4 e5 19. Nf3 1-0

[Event "Challenge"]
[Site "http://www.queenalice.com/game.php?id=1771620"]
[Date "2021.10.7"]
[Round "-"]
[White "jpribeiro"]
[Black "Donyelko"]
[Result "1-0"]
[WhiteElo "2095"]
[BlackElo "1818"]

1. e4 e5 2. Nf3 Nc6 3. d4 exd4 4. Bc4 d6 5. O-O Ne5 6. Nxd4 Nxc4 7. c3 Bd7 8. b3
Ne5 9. f4 Ng6 10. f5 Ne5 11. Bf4 Nf6 12. Nd2 c5 13. Bxe5 dxe5 14. N4f3 Qc7 15.
Re1 Rd8 16. Qc2 Bd6 17. Nc4 O-O 18. Nxd6 Qxd6 19. Rad1 Qc7 20. Rd2 Bc6 21. Rxd8
Rxd8 22. Nd2 b6 23. h3 Qd6 24. Nc4 Qd3 25. Qxd3 Rxd3 26. Nxe5 Rd6 27. Nxc6 Rxc6
28. e5 Ne8 29. g4 f6 30. e6 Rd6 31. Kf2 1-0

[Event "Challenge"]
[Site "http://www.queenalice.com/game.php?id=1771621"]
[Date "2021.10.7"]
[Round "-"]
[White "Donyelko"]
[Black "jpribeiro"]
[Result "0-1"]
[WhiteElo "1839"]
[BlackElo "2033"]

1. c4 c5 2. Nc3 Nc6 3. g3 b6 4. Bg2 Bb7 5. Nf3 e5 6. O-O Nf6 7. Re1 d5 8. Nxd5
Nxd5 9. cxd5 Qxd5 10. Qa4 e4 11. Nh4 f5 12. Bh3 g6 13. d3 O-O-O 14. dxe4 Qd4 15.
Qb3 c4 16. Qe3 Qxe3 17. Bxe3 Nd4 18. Bxd4 Rxd4 19. exf5 gxf5 20. Nxf5 Rd7 21.
Ne3 b5 22. Bxd7+ Kxd7 23. Rad1+ Ke6 24. Rd8 Bg7 25. Rxh8 Bxh8 26. b3 Bc3 27. Rc1
Bd2 28. Rc2 Bxe3 29. fxe3 Be4 30. Rc3 cxb3 31. Rxb3 a6 32. Rb4 Bd5 0-1

[Event "AUTO-MASTER-3033"]
[Site "http://www.queenalice.com/game.php?id=1772453"]
[Date "2021.10.17"]
[Round "2"]
[White "clovis"]
[Black "Donyelko"]
[Result "1-0"]
[WhiteElo "2069"]
[BlackElo "2057"]

1. e4 e5 2. Nf3 Nc6 3. Bc4 d6 4. Nc3 Na5 5. Bb3 Nxb3 6. axb3 Bg4 7. O-O h5 8. h3
Bxf3 9. Qxf3 g5 10. d3 g4 11. hxg4 hxg4 12. Qxg4 Nf6 13. Qf5 Nd7 14. Bg5 Be7 15.
f4 Bxg5 16. fxg5 Rf8 17. Nd5 c6 18. Nf6+ Nxf6 19. Qxf6 Qxf6 20. Rxf6 Ke7 21.
Raf1 Rad8 22. g6 fxg6 23. Rxg6 Rxf1+ 24. Kxf1 Rf8+ 25. Ke2 Rf6 26. Rg7+ Rf7 27.
Rxf7+ Kxf7 28. Kf3 Kg6 29. Kg4 a5 30. c3 b5 31. c4 b4 32. Kh4 d5 33. exd5 cxd5
34. cxd5 1-0

[Event "AUTO-MASTER-3033"]
[Site "http://www.queenalice.com/game.php?id=1772454"]
[Date "2021.10.17"]
[Round "2"]
[White "Donyelko"]
[Black "clovis"]
[Result "0-1"]
[WhiteElo "2050"]
[BlackElo "2153"]

1. e4 e5 2. Nf3 Nc6 3. Bc4 Nf6 4. Ng5 d5 5. exd5 Na5 6. Nxf7 Kxf7 7. Qe2 Nxc4 8.
Qxc4 Qxd5 9. Qxc7+ Bd7 10. Nc3 Qxg2 11. Rf1 Rc8 12. Qa5 Bh3 13. Qb5 Qxf1+ 14.
Qxf1 Bxf1 15. Kxf1 Bc5 16. d3 Ng4 17. f3 Ne3+ 18. Bxe3 Bxe3 19. Nd5 Bf4 20. Nxf4
exf4 21. c3 Rhe8 0-1

[Event "Challenge"]
[Site "http://www.queenalice.com/game.php?id=1772676"]
[Date "2021.10.20"]
[Round "-"]
[White "Mikalus"]
[Black "Donyelko"]
[Result "0-1"]
[WhiteElo "1990"]
[BlackElo "2038"]

1. e4 b6 2. d4 Bb7 3. Nc3 c5 4. d5 Ba6 5. Be2 g6 6. Nf3 Bg7 7. Bd2 e6 8. O-O
exd5 9. exd5 d6 10. Re1 Ne7 11. Bxa6 Nxa6 12. Nb5 O-O 13. Bc3 Bxc3 14. Nxc3 Nc7
15. a3 a5 16. Re3 Nf5 17. Rd3 Re8 18. Qd2 c4 19. Rd4 Nxd4 20. Qxd4 b5 21. b3
cxb3 22. cxb3 b4 23. Na4 Nb5 24. Qe3 Rxe3 0-1

[Event "Challenge"]
[Site "http://www.queenalice.com/game.php?id=1773968"]
[Date "2021.11.3"]
[Round "-"]
[White "Donyelko"]
[Black "Mikalus"]
[Result "0-1"]
[WhiteElo "1802"]
[BlackElo "2034"]

1. d4 d5 2. c4 c6 3. c5 e5 4. dxe5 Bxc5 5. e3 Be6 6. Be2 Nd7 7. Nf3 Ne7 8. Ng5
Bf5 9. g4 Bg6 10. e6 Nf6 11. exf7+ Bxf7 12. Nxf7 Kxf7 13. Qb3 b6 14. h3 Rf8 15.
Nc3 a5 16. Bd2 b5 17. g5 a4 18. Qc2 Nd7 19. Bd3 g6 20. h4 Ne5 21. Be2 Kg7 22. f4
Nc4 23. h5 Nf5 24. h6+ Kg8 25. Bxc4 dxc4 26. Ne4 Be7 27. Rd1 Qb6 28. Rh3 Rae8
29. Qc1 c5 30. b3 cxb3 31. axb3 axb3 32. Qb2 Rf7 33. Qxb3 c4 34. Qc3 Bd8 35. Nf2
Be7 36. Ng4 Rc8 37. Ne5 b4 38. Qa1 c3 39. Bc1 Rd8 40. Rxd8+ Qxd8 41. Nxf7 Kxf7
42. Qa2+ Kf8 43. Qc4 Qb6 44. Kd1 Nd6 45. Qb3 Ne4 46. Rh2 Qb5 47. Ke1 Ng3 48. Rf2
Ne4 49. Rg2 Qc5 50. Qa2 Bd6 51. Qa8+ Ke7 52. Qxe4+ Kd7 53. Qd4 Qc6 54. e4 b3 55.
Qd5 Qb6 56. e5 b2 57. Bxb2 cxb2 0-1

[Event "AUTO-MASTER-3076"]
[Site "http://www.queenalice.com/game.php?id=1776002"]
[Date "2021.12.1"]
[Round "1"]
[White "BeatifulDevil56"]
[Black "Donyelko"]
[Result "1-0"]
[WhiteElo "1982"]
[BlackElo "1785"]

1. d4 Nf6 2. Bf4 d5 3. h3 Nc6 4. e3 e6 5. Bb5 Bd7 6. Nf3 a6 7. Bxc6 Bxc6 8. O-O
Be7 9. Ne5 Bb5 10. Re1 O-O 11. a4 Be8 12. Nd2 1-0

[Event "AUTO-MASTER-3076"]
[Site "http://www.queenalice.com/game.php?id=1776003"]
[Date "2021.12.1"]
[Round "1"]
[White "Donyelko"]
[Black "BeatifulDevil56"]
[Result "0-1"]
[WhiteElo "1777"]
[BlackElo "1990"]

1. e4 e5 2. Nf3 d6 3. Bc4 h6 4. d4 exd4 5. Nxd4 Nf6 6. Nc3 a6 7. O-O c5 8. Nf5
Bxf5 9. exf5 Be7 10. Nd5 Nxd5 11. Bxd5 Ra7 12. c3 O-O 13. Qg4 Bg5 0-1

[Event "AUTO-MASTER-3076"]
[Site "http://www.queenalice.com/game.php?id=1776017"]
[Date "2021.12.1"]
[Round "1"]
[White "Donyelko"]
[Black "ratorei"]
[Result "0-1"]
[WhiteElo "1976"]
[BlackElo "2043"]

1. e4 e6 2. d4 d5 3. e5 c5 4. c3 Nc6 5. Nf3 Qb6 6. Be2 Nge7 7. O-O cxd4 8. cxd4
Nf5 9. b3 Nfxd4 10. Nxd4 Nxd4 11. Bd3 Nc6 12. Re1 Qd4 13. Nc3 Qxc3 14. Bf4 Qa5
15. Re3 d4 16. Re4 b5 17. a4 bxa4 18. Rxa4 Qb6 19. Bc4 Bb7 20. Bd2 Be7 21. Rg4
O-O 22. Bh6 g6 23. Bxf8 Bxf8 24. f4 Rd8 25. Bd3 Nb4 26. Rg3 Nxd3 27. Rxd3 Bc5
28. Qc1 Be4 29. Rd2 Bc6 30. Raa2 d3+ 31. Kf1 Be3 32. Qb1 Bxd2 33. Rxd2 Qe3 34.
Rf2 d2 35. Qd1 Rd3 0-1

[Event "AUTO-MASTER-3076"]
[Site "http://www.queenalice.com/game.php?id=1776026"]
[Date "2021.12.1"]
[Round "1"]
[White "Donyelko"]
[Black "Alex_ac"]
[Result "0-1"]
[WhiteElo "1879"]
[BlackElo "2083"]

1. e4 d6 2. d4 a6 3. Nf3 h6 4. c4 Bg4 5. Be2 e6 6. e5 Bxf3 7. Bxf3 c6 8. O-O Be7
9. Re1 Bg5 10. Bxg5 hxg5 11. d5 Nh6 12. dxe6 fxe6 13. exd6 O-O 14. Rxe6 Nd7 15.
b4 Qb6 16. a3 g4 0-1

[Event "AUTO-MASTER-3076"]
[Site "http://www.queenalice.com/game.php?id=1776027"]
[Date "2021.12.1"]
[Round "1"]
[White "Alex_ac"]
[Black "Donyelko"]
[Result "1-0"]
[WhiteElo "2075"]
[BlackElo "1887"]

1. d4 d5 2. e3 c5 3. c4 dxc4 4. Bxc4 cxd4 5. exd4 Nf6 6. h3 e6 7. a3 Be7 8. Nf3
O-O 9. O-O Nd5 10. Nc3 Nf6 11. Re1 Nc6 12. Bg5 a6 13. Bxf6 Bxf6 14. Ne2 1-0